| 000 | 00397nam a2200133Ia 4500 | ||
|---|---|---|---|
| 005 | 20260326235506.0 | ||
| 008 | 260326s9999||||xx |||||||||||||| ||und|| | ||
| 100 | _aNielsen, Ross G. | ||
| 245 | 0 |
_aSerigrafía Industrial y en Artes Gráficas : _b Silk Screen - Planografía - Tamiz Seda / _cRoss G. Nielsen |
|
| 260 | _bLas Ediciones de Arte | ||
| 300 | _a247 p. | ||
| 650 | _aMARKETING | ||
| 942 | _cBK | ||
| 999 |
_c8192 _d8192 |
||